000 00724nas a2200253 4500
001 BR7500951
003 BR-BrBNA
005 20231205082814.0
007 ta
008 230509b bl.|||p| |||| 00| 00por d
040 _aBR-BrBNA
_bpor
_cBiblioteca Nacional de Agricultura
041 _a(Pt)
072 _aP10
100 1 _aLins, R.C.
100 1 _aAndrade, G.O. de
245 1 _aAspectos hidrograficos da Bacia do Parnaiba [brasil]
650 _aRecurso hidrico
650 _aBacia hidrografica
650 _aManancial
650 _aDrenagem
773 0 _tCiencia e Tropico (Brazil)
_xISSN 0304-2685
_g(Jul 1975), v. 3(2) p. 121-136
_wBR7500951
909 _a202311
_bLúcia
_c55
_dLúcia Elande
942 _2AGRIS
_n0
_cANA
999 _c94338
_d94338